| 000 | 00421nam a2200157Ia 4500 | ||
|---|---|---|---|
| 008 | 210716s1996 xx 000 0 und d | ||
| 020 | _a0471036617 | ||
| 041 | _aeng | ||
| 082 | _a657 WEYJ | ||
| 100 | _aWeygandt, Jerry J: Kieso, Donald E;Kell, Walter G. | ||
| 245 | _aAccounting principles. | ||
| 250 | _a4 | ||
| 260 |
_aNew York _bJohn Wiley and Sons _c1996 |
||
| 300 | _axxxi,1155,I-17 | ||
| 650 | _aAccounting(657) | ||
| 999 |
_c202981 _d202981 |
||